000 00655nam a2200229 a 4500
999 _c6173
_d6173
001 6173
003 BD-JhCC
005 20200426134007.0
008 180115s2014 bg |||| ||a| 000 0 eng d
035 _a(BD-JhCC)
040 _aBD-JhCC
_dBD-JhCC
041 _aeng
082 _a005
_bINF 2014
245 _aInformation And communication Technology Classes XI-XII /
_cForhad Monjur...[et. all]
250 _a2nd ed.
260 _aDhaka :
_bকাজল ব্রাদার্স লিমিটেড,
_c2014.
300 _a264 p. :
_c23 cm
_bill ;
650 _aComputer Science
700 _aMonjur, Forhad
942 _2ddc
_cBK
_03